000 00380nam a2200145Ia 4500
008 150201s2011 xx 000 0 und d
082 _a618.2
_bE11O
100 _aOUMACHIGUI, ASHA
245 _aESSENTIOAL OBSTETRICS ; TB. FOR UNDERGRADUATES STUDENTS
250 _a1ST
260 _bUNIVERSITIES PRESS
_aINDIA
_c2011
300 _a1-506
650 _aOBS. & GYN
942 _2ddc
_cBK
999 _c1790
_d1790